000 00651nam a22002297a 4500
005 20251108165542.0
008 250721s9999 xx 000 0 ara d
020 _a9772614332
082 1 4 _aط/ 520/ايا
100 1 _aجراهام، أيان
245 1 0 _aالفلك /
246 1 1 _aSCIENCE SPOTLIGHT
264 1 _aالقاهرة :
_bشركة سفير،
_c[19-].
300 _a44ص.:مص
490 0 _aعلوم في دائرة الضوء
650 1 7 _aالفلك
650 1 7 _aالفضاء
653 _aناشئون صغار (10-14 سنة)
700 1 _aسليمان، محمد أمين
_eTran.
942 _2ddc
_cBK
999 _c30605
_d30605